| 000 | 00508nam a2200145Ia 4500 | ||
|---|---|---|---|
| 008 | 170221s9999 xx 000 0 und d | ||
| 100 | _aPrathamesh Muzumdar | ||
| 245 | _aOnline bookstore - A new trend in textbook sales management for services marketing | ||
| 245 | _cPrathamesh Muzumdar, The University of Texas at Arlington. | ||
| 260 | _bJournal of Management and Marketing Research | ||
| 260 | _c2016 | ||
| 300 | _a5 : 6 | ||
| 650 | _xBusiness | ||
| 856 | _uhttp://www.aabri.com/manuscripts/11987.pdf | ||
| 999 |
_c313460 _d313460 |
||